Banovinas of the Kingdom of Yugoslavia on a Map - Statistics

General Stats
  • This quiz has been taken 204 times
  • The average score is 4 of 10
Answers on the Map
Answers color-coded by a green-red scale on the quiz's map according to % correct below.
 
Answer Stats
Answer % Correct
Belgrade
88%
Danube
41%
Sava
38%
Drava
36%
Vardar
35%
Zeta
30%
Drina
28%
Morava
26%
Littoral
18%
Vrbas
17%
No matching quizzes found
Score Distribution
Percent of People with Each Score
Percentile by Number Answered
Your Score History
You have not taken this quiz